000 00664nam a2200277Ia 4500
005 20260121125447.0
008 008 260114s9999 xx 000 0 eng d
020 _a9781400885220
037 _aEBOOK
040 _aCRL
040 _beng
040 _cCRL
041 _2eng
041 _aeng
084 _qCRL
100 _aTurnaoglu, Banu
_9993320
245 4 _aThe Formation of Turkish Republicanism
260 _bWalter de Gruyter
260 _bWalter de Gruyter
260 _c2017
650 _aHistory
_9993321
856 _uhttp://www.degruyter.com/isbn/9781400885220
942 _cEBOOK
999 _c1562184
_d1562184